Gray's anatomy : (Record no. 11585)

MARC details
000 -LEADER
fixed length control field 01191cam a2200325 a 4500
001 - CONTROL NUMBER
control field 3504254
003 - CONTROL NUMBER IDENTIFIER
control field OSt
005 - DATE AND TIME OF LATEST TRANSACTION
control field 20211011161024.0
008 - FIXED-LENGTH DATA ELEMENTS--GENERAL INFORMATION
fixed length control field 950216s1995 nyua b 001 0 eng c
010 ## - LIBRARY OF CONGRESS CONTROL NUMBER
LC control number 95005806
020 ## - INTERNATIONAL STANDARD BOOK NUMBER
International Standard Book Number 0443045607
040 ## - CATALOGING SOURCE
Original cataloging agency DDC
Transcribing agency HU
Modifying agency DLC
050 00 - LIBRARY OF CONGRESS CALL NUMBER
Classification number QM23.2
Item number .G73 1958
060 10 - NATIONAL LIBRARY OF MEDICINE CALL NUMBER
Classification number QS 4 G784 1958
082 00 - DEWEY DECIMAL CLASSIFICATION NUMBER
Classification number 611/GRA
Edition number 20
245 00 - TITLE STATEMENT
Title Gray's anatomy :
Remainder of title Descriptive and applied
250 ## - EDITION STATEMENT
Edition statement THIRTY - SECOND EDITION
Remainder of edition statement chairman of the editorial board, Peter L. Williams ; editorial board, Lawrence H. Bannister ... [et al.].
260 ## - PUBLICATION, DISTRIBUTION, ETC.
Place of publication, distribution, etc. LONDON
Name of publisher, distributor, etc. LONGMANS
Date of publication, distribution, etc. 1958.
300 ## - PHYSICAL DESCRIPTION
Extent 1604 p. :
Other physical details ill. (some col.) ;
Dimensions 31 cm.
504 ## - BIBLIOGRAPHY, ETC. NOTE
Bibliography, etc. note Includes bibliographical references (p. 1937-2044) and index.
650 #0 - SUBJECT ADDED ENTRY--TOPICAL TERM
Topical term or geographic name entry element Human anatomy.
9 (RLIN) 4605
650 12 - SUBJECT ADDED ENTRY--TOPICAL TERM
Topical term or geographic name entry element Anatomy.
9 (RLIN) 6932
700 1# - ADDED ENTRY--PERSONAL NAME
Personal name Gray, Henry,
Dates associated with a name 1825-1861.
9 (RLIN) 12522
700 1# - ADDED ENTRY--PERSONAL NAME
Personal name Williams, Peter L.
Fuller form of name (Peter Llewellyn).
9 (RLIN) 12523
700 1# - ADDED ENTRY--PERSONAL NAME
Personal name Bannister, Lawrence H.
9 (RLIN) 12524
740 02 - ADDED ENTRY--UNCONTROLLED RELATED/ANALYTICAL TITLE
Uncontrolled related/analytical title Anatomy
906 ## - LOCAL DATA ELEMENT F, LDF (RLIN)
a 7
b cbc
c orignew
d 1
e ocip
f 19
g y-gencatlg
942 ## - ADDED ENTRY ELEMENTS (KOHA)
Source of classification or shelving scheme Dewey Decimal Classification
Koha item type Books like text book referance book
Suppress in OPAC No
Holdings
Withdrawn status Lost status Source of classification or shelving scheme Damaged status Not for loan Home library Current library Shelving location Date acquired Total Checkouts Full call number Barcode Date last seen Copy number Price effective from Koha item type
    Dewey Decimal Classification     Natural & Computational Science Library Natural & Computational Science Library General Stacks 10/11/2021   611/GRA NSCLIB000017804 10/11/2021 1 10/11/2021 Books like text book referance book